El brillante porvenir de la guerra
Guardat en:
| Autor principal: | |
|---|---|
| Format: | Llibre |
| Idioma: | espanyol |
| Publicat: |
Santiago
Andrés Bello
1996
|
| Edició: | 1a. ed |
| Matèries: | |
| Etiquetes: |
Afegir etiqueta
Sense etiquetes, Sigues el primer a etiquetar aquest registre!
|
MARC
| LEADER | 00000nam a2200000 a 4500 | ||
|---|---|---|---|
| 001 | UCG1171 | ||
| 003 | CL-VaPUC | ||
| 008 | 100422e19960300CL |||||||||||||||||spa|d | ||
| 020 | |a 9561313944 | ||
| 082 | 0 | 4 | |a 303.485 |b DEL |2 21 |
| 100 | 0 | |a Delmas, Philippe |e author |9 548951 | |
| 245 | 1 | 3 | |a El brillante porvenir de la guerra |
| 250 | |a 1a. ed | ||
| 300 | |a 287 p | ||
| 942 | |c BK | ||
| 945 | |d 20100422 00:00:00 |a dcastane | ||
| 260 | |a Santiago |b Andrés Bello |c 1996 | ||
| 650 | 0 | |a Guerra |9 255876 | |
| 650 | 0 | |a Sociología de la guerra |9 454999 | |
| 650 | 0 | |a Cambio social |9 256857 | |
| 583 | |a last modification |c 20100422 00:00:00 |k Rodrigo Vera | ||
| 999 | |c 340598 |d 340596 | ||
| 952 | |0 0 |1 0 |4 0 |6 303_485000000000000_DEL_1996 |7 0 |8 A |9 435455 |a BIBGIM |b BIBGIM |d 2019-11-22 |i 4663071 |o 303.485 DEL 1996 |p 4663071 |r 2025-01-15 |w 2019-11-22 |y BK |k GIM | ||